| 000 | 00932nam a2200205 i 4500 | ||
|---|---|---|---|
| 001 | 189996 | ||
| 003 | ES-MaACL | ||
| 005 | 20230906223619.0 | ||
| 008 | 200304s1975 sp |||| | spa d | ||
| 080 | _a336:352(043.2) | ||
| 100 | 1 |
_aRovira Mola, Alberto de. _9100150 |
|
| 245 | 1 | 0 |
_aEn torno a la coordinación integradora horizontal de las haciendas municipales : _bel principio de solidaridad y los fondos fiscales con finalidad redistributiva / _cpor Francisco Lliset Borrell. |
| 260 |
_aBarcelona : _b[Universidad, Facultad de Derecho], _c1975. |
||
| 300 |
_a18 p. ; _c24 cm. |
||
| 502 | _aTesis-Univ. Barcelona (Extracto) | ||
| 594 | _aPrecede al tít.: Universidad de Barcelona. Secretariado de Publicaciones, Intercambio Científico y Extensión Universitaria. | ||
| 650 | 4 |
_aHacienda municipal- _zEspaña. _9148346 |
|
| 710 | 2 |
_aUniversidad de Barcelona. _bFacultad de Derecho. _97147 |
|
| 852 | 4 |
_aES-MaACL _jP-1414-16 |
|
| 999 |
_c189996 _d189996 |
||